|
|
|
|
| LEADER |
00000cam a2200000 7i4500 |
| 001 |
0000005416 |
| 005 |
20151222.0 |
| 008 |
070803 |
| 020 |
|
|
|a 9833025811
|
| 090 |
0 |
0 |
|a JF
|b NH ENG (5749)
|
| 245 |
0 |
0 |
|a Plants & animals
|
| 260 |
|
|
|a Selangor :
|b Early Learner ,
|c 2004
|
| 440 |
|
0 |
|a Children's knowledge series
|
| 500 |
|
|
|a Children ages 7-9 years old (orange)
|
| 650 |
|
0 |
|a Junior fiction
|x English
|x Languages
|
| 650 |
|
0 |
|a Natural history
|
| 999 |
|
|
|a 0000979395
|b Book
|c Children Collection
|e Cawangan Tangkak
|
| 999 |
|
|
|a 0000979396
|b Book
|c Children Collection
|e Cawangan Urban Transformation Centre
|
| 999 |
|
|
|a 0000982255
|b Book
|c Children Collection
|e Perbadanan Perpustakaan Awam Johor
|
| 999 |
|
|
|a 0000982256
|b Book
|c Children Collection
|e Perbadanan Perpustakaan Awam Johor
|
| 999 |
|
|
|a 0001139223
|b Book
|c Children Collection
|e Cawangan Bandar Penawar
|
| 999 |
|
|
|a 0001139229
|b Book
|c Children Collection
|e Cawangan Tangkak
|